000 01065cam a2200313Ia 4500
001 ocm55591071
003 Co-BoUCM
005 20180118154108.0
008 171115s2004 mx b 000 0 spa d
016 7 _a101203639
_2DNLM
020 _a9707290633
020 _a9789707290631
029 1 _aNLM
_b101203639
035 _a(OCoLC)55591071
_z(OCoLC)55697020
_z(OCoLC)57422309
040 _aCo-BoUCM
_bspa
_cSaul Niño
_dSaul Niño
041 _aspa
060 1 0 _aWK 140
100 1 _aDorantes Cuéllar, Alicia Yolanda.
_988944
245 1 0 _aEndocrinología clínica
_cAlicia Yolanda Dorantes Cuéllar, Cristina Martínez Sibaja
260 _aMéxico
_bManual moderno
_c2004
300 _axiv, 614, 15 páginas
_bilustraciones
650 0 _aEnfermedades del sistema endocrino
_983656
650 7 _aEndocrinología
_9183
650 7 _aEndocrinología clínica
_914205
650 7 _aGlándulas endocrinas
_xEnfermedades.
_916447
700 1 _aMartínez Sibaja, Cristina
_988945
942 _2NLM
_a15
_cLIBRO
_e1
_hWK 140
_mD693e
_n0
999 _c308615
_d308615